Elenca la formazione - Quiz n°179 - Statistics

Statistiche generali
  • Questo quiz è stato fatto 60 volte
  • Il punteggio medio è 9 su 11
Statistiche sulle risposte
Ruolo Nazione Calciatore % Corretto
Portiere Spagna Iker Casillas
100%
Attaccante Portogallo Cristiano Ronaldo
98%
Difensore Spagna Sergio Ramos
96%
Difensore Brasile Marcelo
92%
Centrocampista Portogallo Pepe
91%
Attaccante Argentina Ángel Di María
87%
Attaccante Germania Mesut Özil
83%
Centrocampista Germania Sami Khedira
83%
Centrocampista Spagna Xabi Alonso
75%
Difensore Spagna Álvaro Arbeloa
57%
Difensore Portogallo Ricardo Carvalho
42%
Nessun quiz corrispondente trovato
Distribuzione punteggi
Percentuale di utenti per punteggio
Percentile per numero di risposta
I tuoi punteggi nel tempo
Non hai fatto questo quiz